Musée social : bulletin mensuel. Série B / (Record no. 187553)

MARC details
000 -LEADER
campo de control de longitud fija 00581nas a2200193 i 4500
001 - NÚMERO DE CONTROL
campo de control 187553
003 - IDENTIFICADOR DE NÚMERO DE CONTROL
campo de control ES-MaACL
005 - FECHA Y HORA DE LA ÚLTIMA TRANSACCIÓN
campo de control 20250217134925.0
008 - DATOS DE LONGITUD FIJA--INFORMACIÓN GENERAL
campo de control de longitud fija 171122d18961898fr m| | ||re d
022 ## - NÚMERO INTERNACIONAL NORMALIZADO PARA PUBLICACIONES SERIADAS
Número Internacional Normalizado para Publicaciones Seriadas 1154-0052
245 00 - MENCIÓN DEL TÍTULO
Título Musée social : bulletin mensuel. Série B /
Mención de responsabilidad, etc. Musée social.
260 ## - PUBLICACIÓN, DISTRIBUCIÓN, ETC.
Lugar de publicación, distribución, etc. Paris :
Nombre del editor, distribuidor, etc. A. Rousseau,
Fecha de publicación, distribución, etc. 1896-1898.
300 ## - DESCRIPCIÓN FÍSICA
Extensión v. ;
Dimensiones 29 cm.
310 ## - PERIODICIDAD ACTUAL
Periodicidad actual Mensual
362 0# - FECHAS DE PUBLICACIÓN Y/O DESIGNACIÓN SECUENCIAL
Fecha de publicación y/o designación secuencial Circulaire n°1 (1896, 25 juin) - circulaire n°20 (1898, 25 oct.)
852 ## - LOCALIZACIÓN
Ubicación ES-MaACL
Número de control de estantería T-782-F-11
866 #0 - MENCIÓN TEXTUAL DE FONDOS--UNIDAD BIBLIOGRÁFICA BÁSICA
Fondos 1898 (Circulaire nº 17)
Holdings
Estatus retirado Estado de pérdida Estado de daño No para préstamo Colección Biblioteca de origen Biblioteca actual Ubicación en estantería Fecha de adquisición Fuente de adquisición Total de préstamos Signatura topográfica completa Código de barras Visto por última vez Precio de reemplazo Tipo de ítem Koha
        Colección de folletos Biblioteca del Ateneo de Madrid Biblioteca del Ateneo de Madrid Depósito folletos 22/11/2017     T-782-F-11 1198090 23/02/2023 23/02/2023 Folleto